000 00362nam a22001577a 4500
999 _c16583
_d16583
020 _a9380027664
022 _a978-9380027661
082 _a621.4021KUM
100 _aKumar, Prasanna
245 _aThermodynamics
260 _aNew Delhi:
_bPearson Education,
_c2013.
300 _a587p. ;
650 _aThermodynamics
700 _aFermi, Enrico
942 _cBK